Ευρωπαϊκό Ινστιτούτο Καινοτομίας και Τεχνολογίας (ΕΙΤ) / Συνδετικός Κρίκος Εκπαίδευσης και Έρευνας και Επιχειρηματικότητας (Record no. 9196)
[ view plain ]
| 000 -LEADER | |
|---|---|
| fixed length control field | 01284cam a22001814a 4500 |
| 005 - ΗΜΕΡΟΜΗΝΙΑ ΚΑΙ ΩΡΑ ΤΕΛΕΥΤΑΙΑΣ ΕΝΗΜΕΡΩΣΗΣ | |
| Πεδίο ελέγχου | 20250605164355.0 |
| 008 - FIXED-LENGTH DATA ELEMENTS--GENERAL INFORMATION | |
| Πεδίο ελέγχου σταθερού μήκους | 250528s ||||||||||||||||||||||||d |
| 035 ## - SYSTEM CONTROL NUMBER | |
| System control number | 24307 |
| 040 ## - ΠΗΓΗ ΚΑΤΑΛΟΓΟΓΡΑΦΗΣΗΣ | |
| Φορέας πρωτότυπης καταλογογράφησης | MC Athens Campus Library |
| Γλώσσα καταλογογράφησης | Ελληνικά, Μοντέρνα (1453-) |
| Modifying agency | MC Athens Campus Library |
| Κανόνες περιγραφικής καταλογογράφησης | AACR2 |
| 245 1# - ΤΙΤΛΟΣ ΚΑΙ ΔΗΛΩΣΗ ΥΠΕΥΘΥΝΟΤΗΤΑΣ | |
| Τίτλος | Ευρωπαϊκό Ινστιτούτο Καινοτομίας και Τεχνολογίας (ΕΙΤ) / Συνδετικός Κρίκος Εκπαίδευσης και Έρευνας και Επιχειρηματικότητας |
| 260 ## - PUBLICATION, DISTRIBUTION, ETC. | |
| Name of publisher, distributor, etc. | Καινοτομία Έρευνα Και Τεχνολογία, |
| Date of publication, distribution, etc. | 2016 |
| 300 ## - PHYSICAL DESCRIPTION | |
| Extent | 32 |
| 520 ## - SUMMARY, ETC. | |
| Summary, etc. | Νέα Μελέτη για τις Επιδόσεις των Ελληνικών Περιφερειών σε Έρευνα και Ανάπτυξη και Καινοτομία, Υπηρεσία Open Book Press από το ΕΚΤ για Ηλεκτρονικά Βιβλία Ανοικτής Πρόσβασης, Πέντε Έλληνες Ερευνητές θα Χρηματοδοτηθούν από το Ευρωπαϊκό Συμβούλιο Έρευνας, Body Up Evolution: Μία Ελληνική Ιστορία Επιτυχίας με τη Βοήθεια του Entreprise Europe Network - Hellas. |
| 700 1# - ΠΡΟΣΘΕΤΗ ΑΝΑΓΡΑΦΗ--ΦΥΣΙΚΟ ΠΡΟΣΩΠΟ | |
| Personal name | Σαχίνη Εύη |
| 9 (RLIN) | 9352 |
| 942 ## - ADDED ENTRY ELEMENTS (KOHA) | |
| Koha item type | Περιοδικά Δημοσιεύματα |
| Τύπος τεκμηρίου | Βιβλιοθήκη | Τρέχουσα τοποθεσία | Barcode | Ημερομηνία απόκτησης | Ταξιθετικό σύμβολο | Αριθμός αντιτύπου | Αρίθμηση σειρών / χρονολογία | Κατάσταση απόσυρσης | Κατάσταση χαμένου | Κατάσταση κατεστραμμένου | Μη δανεισμός | Σύνολο δανεισμών | Ημερομηνία τελευταίας εμφάνισης | Η τιμή ισχύει από |
|---|---|---|---|---|---|---|---|---|---|---|---|---|---|---|
| Περιοδικά Δημοσιεύματα | MC Athens Campus Library | MC Athens Campus Library | 9780000091956 | 05/06/2025 | ΚΑΙΝΟΤΟΜΙΑ | 1 | 103 | 05/06/2025 | 05/06/2025 |